The Great Skills Gap : Optimizing Talent for the Future of Work /

Salvato in:
Dettagli Bibliografici
Autore principale: Wingard, Jason (edición)
Altri autori: Farrugia, Christine (edición) (edición)
Natura: Libro
Lingua:inglese
Pubblicazione: Stanford, EUA : Stanford University, 2021, c2021
Soggetti:
Accesso online:Ver documento en línea
Tags: Aggiungi Tag
Nessun Tag, puoi essere il primo ad aggiungerne!!

MARC

LEADER 00000nam^a2200000^a^4500
001 000580329
005 20251023000000.0
009 20260310132548.452
020 |a 9781503628076 
037 |a Acervo ITESO - Biblioteca 
041 |a ING 
082 |a 331. 0973  |b WIN 
100 |a Wingard, Jason  |e (edición) 
245 1 4 |a The Great Skills Gap :  |b Optimizing Talent for the Future of Work /  |c Ed. de J. Wingard, C. Farrugia. 
264 4 |a Stanford, EUA :  |b Stanford University,  |c 2021, c2021 
264 2 |a Birmingham, EUA :  |b EBSCOhost [distribución],  |c 2024 
300 |a 1 libro electrónico en línea (XVI, 294 p.) 
300 |a 1 recurso en línea 
336 |a datos para computadora  |b cod  |2 rdacontenido 
337 |a computadora  |b c  |2 rdamedio 
338 |a recurso en línea  |b cr  |2 rdasoporte 
506 0 |a Licencias ilimitadas 
521 |a 2024 BO Especialidad en Analítica de Negocios 
649 |a XX 
650 |a Formación y Capacitación Laboral -  |z EUA -  |x Tema Principal 
650 |a Educación Permanente -  |z EUA 
650 |a Desocupación de los Graduados -  |z EUA 
650 |a Aptitud Profesional -  |z México 
650 |a Desarrollo Profesional -  |z EUA 
650 |a Universidad y Empresa -  |z EUA 
650 |a Educación Superior -  |z EUA -  |x Aspectos Económicos 
650 |a Educación y Trabajo -  |z EUA -  |x Tema Principal 
650 |a Sector Productivo y Educación -  |z EUA 
650 |a Ciencia y Desarrollo -  |z EUA 
650 |a Economía Laboral -  |z EUA 
650 |a Economía 
700 |a Farrugia, Christine  |e (edición) 
856 4 0 |u https://ezproxy.iteso.mx/login?url=https://search.ebscohost.com/login.aspx?direct=true&scope=site&db=nlebk&db=nlabk&AN=2903481  |y Ver documento en línea 
910 |a Fondo General 
920 |a Electrónicos - Libros en Línea 
930 |a Plataforma Digital 
905 |a 205 
901 |a 580329-1  |b IT2  |c EBO  |i C  |u 20250521 
902 |a https://opac.biblio.iteso.mx/vufind/Record/000580329